Alphabet en 15 secondes - Statistiques

Statistiques générales
  • Ce quiz a été pris 6 597 fois
    6 525 depuis la dernière actualisation
  • Le résultat moyen est 21 sur 26
Statistiques - réponses
Réponse % Correct
a
100%
b
95%
c
93%
d
92%
e
92%
f
90%
g
89%
h
89%
i
88%
j
86%
k
85%
l
85%
m
84%
n
81%
o
80%
p
80%
q
79%
r
78%
s
77%
t
77%
u
75%
v
74%
w
72%
x
69%
y
67%
z
65%
Aucun quiz correspondant
Distribution des résultats
% des personnes avec chaque résultat
Percentile par nombre de réponses
Votre historique - résultats
Vous n’avez pas pris ce quiz depuis la dernière actualisation